000 00239nam a2200109Ia 4500
008 190216s9999||||xx |||||||||||||| ||und||
100 _aMittal R
245 0 _aGate Papers
260 _bG K Publishers
_c1998
300 _a162p
942 _cREF
999 _c36463
_d36463